Т. 51, вып. 7; Журнал органической химии

Dades bibliogràfiques
Parent link:Журнал органической химии/ Российская академия наук (РАН) ; Отделение общей и технической химии. Т. 51, вып. 7.— , 1965-
Idioma:rus
Publicat: 2015
Format: MixedMaterials Llibre
KOHA link:https://koha.lib.tpu.ru/cgi-bin/koha/opac-detail.pl?biblionumber=548089

MARC

LEADER 00000nam2a2200000 4500
001 548089
005 20231101120242.0
035 |a (RuTPU)RU\TPU\prd\241017 
090 |a 548089 
100 |a 20150915a19659999k y0rusy50 ca 
101 0 |a rus 
102 |a RU 
200 0 |a Т. 51, вып. 7 
210 |d 2015 
461 1 |0 (RuTPU)RU\TPU\prd\162  |t Журнал органической химии  |f Российская академия наук (РАН) ; Отделение общей и технической химии  |v Т. 51, вып. 7  |d 1965- 
801 0 |a RU  |b 63413507  |c 20010227  |g PSBO 
801 1 |a RU  |b 63413507  |c 20150915 
801 2 |a RU  |b 63413507  |c 20230411  |g RCR 
942 |c BK 
999 |a НТБ_ТПУ  |b НФ  |e -1/20150112  |p П-7288  |s 1/20150608  |u 0,00  |v 1